01475nab a22002297a 4500003000400000005001700004008004100021040000700062100002000069245019600089260007200285300001300357500003500370505034200405505018600747505008900933650001801022650004501040650001601085650002401101773012001125OSt20251209142324.0190502c xxu||||| |||| 00| 0 spa d cPJ aBarbieri, Pía10aAnálisis de los tipos penales de exacciones ilegales, concusión y extorsión en la conducta del funcionario público. Reflexiones a partir del fallo "Tapia Núñez" /cPía Barbieri. aCiudad Autónoma de Buenos Aires :bThomson Reuters La Ley,c2025. ap. 43-52 aCita Online: AR/DOC/1531/2025. aSumario: I. Introducción.— II. Los hechos del caso.— III. Los tipos penales en juego: exacciones ilegales, concusión y extorsión en la conducta del funcionario público.— IV. Diferentes posturas doctrinarias.— V. Solución del caso concreto dada por el Tribunal y confirmada por la Casación.— VI. Reflexiones finales. tFallo comentado: CNCasCrim. y Correc., sala III ~ 17/12/2024 ~ Alvarado Ruiz, Simón Jesús y otros c. Morano, Diego y otros s/ averiguación de delito y asociación ilícita. t¿Te interesa el texto completo? Solicitalo al correo: koha@justierradelfuego.gov.ar 0aDERECHO PENAL 0aCORRUPCIÓN DE UN FUNCIONARIO PÚBLICO 0aEXTORSIÓN 0aEXACCIONES ILEGALES0 02729dBuenos Aires : LexisNexis, 2006-tRevista de derecho penal y procesal penal. Nº 8 - Agosto 2025z9875920622